Seis países mais próximos - Coreia do Sul - Statistics

Estatísticas Gerais
  • Esse quiz foi jogado 124 vezes
  • A pontuação média é 5 de 6
Estatísticas das Respostas
km país % Correto
0 Coreia do Norte
98%
50 Japão
94%
263 China
93%
455 Rússia
70%
1040 Mongólia
50%
990 Taiwan
48%
Nenhum quiz correspondente encontrado
Distribuição das Pontuações
Porcentagem de Pessoas com Cada Pontuação
Percentil de Números Respondidos
Sua Pontuação Histórica
Você não jogou esse quiz